[Event "Auckland Summer Cup-C1"]
[Site "Auckland"]
[Date "2017.03.27"]
[Round "7"]
[White "Wu, Kwok Leung Eric"]
[Black "Kozakevych, Sergiy"]
[Result "1/2-1/2"]
[WhiteElo "1700"]
[BlackElo "1691"]
[PlyCount "86"]
[EventDate "2017.02.13"]
[EventType "tourn"]
[EventRounds "7"]
[EventCountry "NZL"]
[SourceTitle "EXT 2018"]
[Source "ChessBase"]
[SourceDate "2017.10.13"]
[SourceVersion "1"]
[SourceVersionDate "2017.10.13"]
[SourceQuality "1"]

1. e4 c5 2. Nf3 d6 3. d4 cxd4 4. Nxd4 Nf6 5. Nc3 a6 6. Be2 e5 7. Nb3 Be6 8. Bg5 Be7 9. Bxf6 Bxf6 10. Nd5 Bxd5 11. Qxd5 Nc6 12. 0-0 0-0 13. c3 Qc7 14. Rad1 Rad8 15. Nd2 Ne7 16. Qc4 Qxc4 17. Nxc4 d5 18. exd5 Nxd5 19. Bf3 b5 20. Bxd5 bxc4 21. Bxc4 a5 22. Rd5 Rxd5 23. Bxd5 Bd8 24. Rd1 Bb6 25. Bb3 Rd8 26. Rxd8+ Bxd8 27. Kf1 Kf8 28. Ke2 Ke7 29. Bd5 f6 30. Kd3 Kd6 31. Kc4 g5 32. Be4 h5 33. Bg6 h4 34. Bf5 Bc7 35. b4 Kc6 36. b5+ Kd6 37. a4 Bb6 38. f3 Bg1 39. h3 Bb6 40. Bc8 Bd8 41. Bf5 Bb6 42. Bc8 Bd8 43. Bf5 Bb6 1/2-1/2

[Event "Auckland Summer Cup-C1"]
[Site "Auckland"]
[Date "2017.03.13"]
[Round "5"]
[White "Lyall, Simon"]
[Black "Wu, Kwok Leung Eric"]
[Result "1/2-1/2"]
[WhiteElo "1728"]
[BlackElo "1700"]
[PlyCount "110"]
[EventDate "2017.02.13"]
[EventType "tourn"]
[EventRounds "7"]
[EventCountry "NZL"]
[SourceTitle "EXT 2018"]
[Source "ChessBase"]
[SourceDate "2017.10.13"]
[SourceVersion "1"]
[SourceVersionDate "2017.10.13"]
[SourceQuality "1"]

1. e4 c5 2. c3 d5 3. exd5 Qxd5 4. d4 Nf6 5. Nf3 cxd4 6. cxd4 e6 7. Nc3 Bb4 8. Bd2 Qa5 9. a3 Bxc3 10. Bxc3 Qd8 11. Bd3 0-0 12. Ne5 Nbd7 13. 0-0 Nb6 14. Bb4 Re8 15. Bb5 Bd7 16. Nxd7 Nbxd7 17. Qf3 Nd5 18. Bd6 a6 19. Ba4 b5 20. Bc2 N7f6 21. Be5 Rc8 22. Rac1 Rc4 23. Bd3 Rxc1 24. Rxc1 Qa8 25. h3 Rc8 26. Qd1 Rc6 27. Kf1 Qc8 28. Rxc6 Qxc6 29. Qc2 Qxc2 30. Bxc2 Nd7 31. Bd6 N7b6 32. Bc5 Nd7 33. Be4 N7f6 34. Bf3 Nc7 35. Ke1 Nfd5 36. Kd2 g6 37. Bd6 f6 38. Kd3 Kf7 39. g4 Ke8 40. Bxc7 Nxc7 41. Bb7 Ke7 42. Kc3 a5 43. b4 a4 44. Bg2 Kd6 45. Bf1 h5 46. gxh5 gxh5 47. h4 Kc6 48. Bg2+ Nd5+ 49. Kd2 Kd6 50. Bf3 Nf4 51. Ke3 Ng6 52. Bxh5 Nxh4 53. Be8 Nf5+ 54. Ke4 Kc7 55. Kd3 Kb6 1/2-1/2

[Event "Auckland Summer Cup-C1"]
[Site "Auckland"]
[Date "2017.02.27"]
[Round "3"]
[White "Ward, Keith"]
[Black "Wu, Kwok Leung Eric"]
[Result "0-1"]
[WhiteElo "1919"]
[BlackElo "1700"]
[PlyCount "68"]
[EventDate "2017.02.13"]
[EventType "tourn"]
[EventRounds "7"]
[EventCountry "NZL"]
[SourceTitle "EXT 2018"]
[Source "ChessBase"]
[SourceDate "2017.10.13"]
[SourceVersion "1"]
[SourceVersionDate "2017.10.13"]
[SourceQuality "1"]

1. e4 c5 2. Nc3 Nc6 3. g3 g6 4. Bg2 Bg7 5. d3 Nf6 6. Be3 d6 7. Qd2 Rb8 8. Bh6 0-0 9. Bxg7 Kxg7 10. f4 e5 11. Nge2 b5 12. 0-0 b4 13. Nd5 Nxd5 14. exd5 Nd4 15. fxe5 dxe5 16. Nxd4 cxd4 17. c4 bxc3 18. bxc3 dxc3 19. Qxc3 Qb6+ 20. Kh1 Qd4 21. Qc6 Rb6 22. Qc4 Ba6 23. Qxd4 exd4 24. Rf4 Rb4 25. h4 Re8 26. Rc1 Re7 27. d6 Rd7 28. Rc7 Rxc7 29. dxc7 Rb1+ 30. Kh2 Rc1 31. Rxd4 Rxc7 32. Rd6 Bb5 33. d4 Rc2 34. a4 Bf1 0-1